00569nam a2200133 a 450000100100000000500170001000800410002704000250006811000700009324501180016326000710028130000270035270000560037900000304820250217091458.0090706s2008 dr a 000 0 spa d aDO-SdBNPbspacBNPHU aRepública Dominicana.bComisión Nacional de Pastoral Familiar10aAsambleas familiares :bfamilia unida. Fuente de vida /cpresentación Nicolás de Jesús López Rodríguez. aSanto Domingo, :bComisión Nacional de Pastoral Familiar,c2008. a24 p. :bil. ;c21 cm.1 a López Rodríguez, Nicolás de Jesús, d1936-